| 000 | 00735nam a2200217Ia 4500 | ||
|---|---|---|---|
| 001 | 16645 | ||
| 003 | GE_BSU | ||
| 008 | 181216s||||||||xx |||||||||||||| ||und|| | ||
| 040 | _cGE_BSU | ||
| 080 | _a821.353.1-32 | ||
| 100 | _aმოდებაძე, ნოდარ | ||
| 245 | _aმოთხრობები | ||
| 245 | _bახალგაზრდული ცხოვრება,მათი მიზნები და ინტერესები | ||
| 245 | _cრედ. შ. როყვა. მხ.ო.მესხი | ||
| 260 | _aბათუმი | ||
| 260 | _bსაბჭ. აჭარა | ||
| 260 | _c1968 | ||
| 300 | _a167გვ. ; 17სმ | ||
| 653 | _aმოთხრობები | ||
| 942 | _cBK | ||
| 999 |
_c49711 _d49711 |
||